000 00493cam a2200145 4500500
005 20260322002010.0
041 _afre
042 _adc
100 1 0 _aSalin, Dominique
_eauthor
245 0 0 _aMasthead of Revue de l’histoire (2026)
260 _c2026.
500 _a27
786 0 _nRevue de l’histoire des religions | 243 | 1 | 2026-03-04 | p. 2-2 | 0035-1423
856 4 1 _uhttps://shs.cairn.info/journal-revue-de-lhistoire-des-religions-2026-1-page-2?lang=en&redirect-ssocas=7080
999 _c1719663
_d1719663